[Event "GER-chT Lands U20"]
[Site "Hannover"]
[Date "2023.10.01"]
[Round "2"]
[White "Burkart, Lloyd Shang"]
[Black "Basovskiy, Jana"]
[Result "1-0"]
[WhiteElo "1891"]
[BlackElo "1846"]
[PlyCount "103"]
[EventDate "2023.10.01"]
[EventType "team-swiss"]
[EventRounds "7"]
[EventCountry "GER"]
[SourceTitle "EXT 2024"]
[Source "ChessBase"]
[SourceDate "2023.10.10"]
[SourceVersion "1"]
[SourceVersionDate "2023.10.10"]
[SourceQuality "1"]

1. d4 Nf6 2. c4 Nc6 3. Nf3 e6 4. a3 d6 5. Nc3 g6 6. Bf4 Bg7 7. e3 0-0 8. Be2 Qe7 9. 0-0 e5 10. Bg5 exd4 11. Nd5 Qd8 12. exd4 Nb8 13. Re1 c6 14. Nxf6+ Bxf6 15. Bxf6 Qxf6 16. Qb3 Nd7 17. h3 Nb6 18. Bd3 Bxh3 19. Be4 Be6 20. d5 cxd5 21. cxd5 Bf5 22. Bxf5 Qxf5 23. Re7 Rab8 24. Rd1 Rfe8 25. Rxe8+ Rxe8 26. Qb4 Qf6 27. a4 Re2 28. a5 Rxb2 29. Qg4 h5 30. Qh3 Na4 31. Qc8+ Kg7 32. Re1 Qc3 33. Qe8 Qc2 34. Qe3 Qc5 35. Nd4 Qc3 36. Nf5+ gxf5 37. Qg5+ Kh7 38. Qxh5+ Kg7 39. Qg5+ Kh7 40. Re3 Qg7 41. Rh3+ Kg8 42. Qd8+ Qf8 43. Rh8+ Kxh8 44. Qxf8+ Kh7 45. Qxf7+ Kh6 46. Qf6+ Kh7 47. Qxf5+ Kh8 48. Qf8+ Kh7 49. Qf7+ Kh6 50. Qf6+ Kh7 51. Qe7+ Kh6 52. Qxd6+ 1-0

[Event "GER-chT U20 Girls"]
[Site "Muenster"]
[Date "2022.12.30"]
[Round "7"]
[White "Basovskiy, Jana"]
[Black "Tabakh, Najat"]
[Result "1-0"]
[WhiteElo "1865"]
[BlackElo "1330"]
[PlyCount "43"]
[EventDate "2022.12.26"]
[EventType "team-swiss"]
[EventRounds "7"]
[EventCountry "GER"]
[SourceTitle "CBM 212 Extra"]
[Source "ChessBase"]
[SourceDate "2023.03.31"]
[SourceVersion "1"]
[SourceVersionDate "2023.03.31"]
[SourceQuality "1"]
[WhiteTeam "Karlsruhe"]
[BlackTeam "Bad Oldesloe"]
[WhiteTeamCountry "GER"]
[BlackTeamCountry "GER"]

1. e4 d5 2. exd5 Qxd5 3. Nc3 Qd8 4. d4 e6 5. Nf3 Ne7 6. Bd3 Nbc6 7. Be3 Nd5 8. 0-0 Nxc3 9. bxc3 Bd6 10. Re1 0-0 11. Ng5 g6 12. Ne4 b6 13. Bg5 Be7 14. Bxe7 Nxe7 15. Nf6+ Kh8 16. Qf3 Nd5 17. Nxd5 Qxd5 18. Be4 Qg5 19. Bxa8 f5 20. Qg3 Qf6 21. Qxc7 Ba6 22. Qxa7 1-0

[Event "GER-ch (Women)"]
[Site "Magdeburg"]
[Date "2022.08.18"]
[Round "7"]
[White "Basovskiy, Jana"]
[Black "Bluebaum, Johanna"]
[Result "1/2-1/2"]
[WhiteElo "1883"]
[BlackElo "1977"]
[PlyCount "108"]
[EventDate "2022.08.14"]
[EventType "swiss"]
[EventRounds "9"]
[EventCountry "GER"]
[SourceTitle "CBM 209 Extra"]
[Source "ChessBase"]
[SourceDate "2022.09.30"]
[SourceVersion "1"]
[SourceVersionDate "2022.09.30"]
[SourceQuality "1"]

1. e4 e6 2. d3 d5 3. Nd2 Nf6 4. Ngf3 b6 5. c3 Be7 6. Qa4+ Nfd7 7. d4 c5 8. Bd3 0-0 9. 0-0 a5 10. Re1 Ba6 11. Bb1 Re8 12. Qc2 Nf8 13. Nf1 Nc6 14. Be3 Ng6 15. dxc5 bxc5 16. exd5 exd5 17. Ng3 Qb6 18. Rd1 Rad8 19. b3 d4 20. cxd4 cxd4 21. Bg5 f6 22. Bd2 d3 23. Qb2 Bc5 24. Bc3 Nce5 25. Nxe5 fxe5 26. Ne4 Bd4 27. Bxd3 Bxd3 28. Rxd3 Nf4 29. Rg3 Qa6 30. Re1 Qc6 31. h3 Re6 32. Kh2 Rg6 33. Bxd4 Rxd4 34. Qc3 Qa8 35. Rxg6 Nxg6 36. f3 h6 37. Rc1 Qf8 38. Qc8 Rd8 39. Qg4 Kh7 40. Rc6 Nf4 41. Rc5 Rd2 42. Nxd2 Qxc5 43. Qf5+ Kg8 44. Ne4 Qc7 45. Nd2 Qc5 46. Nc4 Qf2 47. Qc8+ Kh7 48. Qg4 Ne2 49. Qf5+ Kg8 50. Qe6+ Kh8 51. Qc8+ Kh7 52. Qf5+ Kg8 53. Qe6+ Kf8 54. Qd6+ Kg8 1/2-1/2

[Event "GER-ch U18 Girls"]
[Site "Willingen"]
[Date "2022.06.10"]
[Round "8"]
[White "Basovskiy, Jana"]
[Black "Dietz, Kristin"]
[Result "1/2-1/2"]
[WhiteElo "1938"]
[BlackElo "1739"]
[PlyCount "118"]
[EventDate "2022.06.04"]
[EventType "swiss"]
[EventRounds "9"]
[EventCountry "GER"]
[SourceTitle "CBM 208 Extra"]
[Source "ChessBase"]
[SourceDate "2022.07.31"]
[SourceVersion "1"]
[SourceVersionDate "2022.07.31"]
[SourceQuality "1"]

1. e4 c5 2. Nf3 e6 3. g3 Nc6 4. Bg2 Nge7 5. 0-0 d5 6. d3 dxe4 7. dxe4 Qxd1 8. Rxd1 e5 9. Be3 Ng6 10. Nc3 Bg4 11. Nd5 0-0-0 12. c3 f5 13. h3 fxe4 14. hxg4 exf3 15. Bxf3 Bd6 16. Be4 Na5 17. Bg5 Rde8 18. Ne3 Be7 19. Bf5+ Kb8 20. Bxe7 Nxe7 21. Rd7 Nxf5 22. Nxf5 g6 23. Ne3 Rd8 24. Rad1 Kc8 25. R7d5 b6 26. Rxe5 Rxd1+ 27. Nxd1 Rd8 28. Ne3 Nc6 29. Rd5 Re8 30. Nc4 Re2 31. Kf1 Rc2 32. Ke1 Kc7 33. Rd2 Rc1+ 34. Ke2 Nd4+ 35. Kd3 Nf3 36. Re2 b5 37. Ne5 c4+ 38. Ke4 Ng1 39. Rd2 Re1+ 40. Kd5 Rxe5+ 41. Kxe5 Nf3+ 42. Kf6 Nxd2 43. Kg7 Ne4 44. f3 Nxg3 45. Kxh7 Nf1 46. g5 Ne3 47. Kxg6 Kd6 48. Kf6 Nd5+ 49. Kf7 Ke5 50. g6 Ne3 51. g7 Nf5 52. g8Q Nh6+ 53. Kg7 Nxg8 54. Kxg8 a5 55. a3 Kf4 56. Kf7 Kxf3 57. Ke6 Ke4 58. Kd6 Kd3 59. Kc5 Kc2 1/2-1/2

[Event "BL2 Sued 2122 (Women)"]
[Site "Germany"]
[Date "2022.03.20"]
[Round "5.6"]
[White "Basovskiy, Jana"]
[Black "Stangl, Anita"]
[Result "0-1"]
[WhiteElo "1956"]
[BlackElo "2049"]
[PlyCount "50"]
[EventDate "2021.11.27"]
[EventType "team-tourn"]
[EventRounds "7"]
[EventCountry "GER"]
[SourceTitle "EXT 2023"]
[Source "ChessBase"]
[SourceDate "2022.10.05"]
[SourceVersion "1"]
[SourceVersionDate "2022.10.05"]
[SourceQuality "1"]
[WhiteTeam "Karlsruhe (W)"]
[BlackTeam "Bayern Muenchen (W)"]
[WhiteTeamCountry "GER"]
[BlackTeamCountry "GER"]

1. e4 e6 2. d3 d5 3. Nd2 Nf6 4. g3 Bc5 5. Bg2 c6 6. Qe2 h5 7. Ngf3 b6 8. e5 Nfd7 9. Nb3 Be7 10. h4 c5 11. c4 Bb7 12. Ng5 Qc7 13. cxd5 Qxe5 14. Ne4 Bxd5 15. Bf4 Qf5 16. Bd6 Nc6 17. Bxe7 Kxe7 18. 0-0 a5 19. Nbd2 Nd4 20. Qd1 Ne5 21. a3 Nxd3 22. Qb1 Ne5 23. b4 Nef3+ 24. Kh1 Nxd2 25. Nxd2 Qh3+ 0-1

[Event "GER-chT Lands U20"]
[Site "Neumuenster"]
[Date "2021.10.02"]
[Round "1.6"]
[White "Woerz, Ann Sophie"]
[Black "Basovskiy, Jana"]
[Result "1-0"]
[WhiteElo "1560"]
[BlackElo "1915"]
[PlyCount "54"]
[EventDate "2021.10.01"]
[EventType "team-swiss"]
[EventRounds "7"]
[EventCountry "GER"]
[SourceTitle "CBM 204 Extra"]
[Source "ChessBase"]
[SourceDate "2021.11.30"]
[SourceVersion "1"]
[SourceVersionDate "2021.11.30"]
[SourceQuality "1"]
[WhiteTeam "Wuerttemberg"]
[BlackTeam "Baden"]
[WhiteTeamCountry "GER"]
[BlackTeamCountry "GER"]

1. c4 e5 2. g3 c6 3. Nf3 d6 4. Nc3 Nf6 5. d3 Nbd7 6. Bg2 g6 7. 0-0 Bg7 8. Rb1 0-0 9. b4 a6 10. a4 Qc7 11. Bd2 Rd8 12. Qc1 d5 13. cxd5 cxd5 14. d4 Qd6 15. dxe5 Nxe5 16. Nxe5 Qxe5 17. Bf4 Qe7 18. Bg5 Qe5 19. e4 dxe4 20. Nxe4 Nxe4 21. Bxd8 Nc3 22. Rb2 Ne2+ 23. Rxe2 Qxe2 24. Re1 Bb2 25. Rxe2 Bxc1 26. Re8+ Kg7 27. Bb6 Bd2 1-0

[Event "GER-ch U16 Girls"]
[Site "Willingen"]
[Date "2020.10.21"]
[Round "2"]
[White "Bardorz, Jana"]
[Black "Basovskiy, Jana"]
[Result "1-0"]
[WhiteElo "1960"]
[BlackElo "1760"]
[PlyCount "67"]
[EventDate "2020.10.19"]
[EventType "swiss"]
[EventRounds "7"]
[EventCountry "GER"]
[SourceTitle "EXT 2022"]
[Source "ChessBase"]
[SourceDate "2021.10.06"]
[SourceVersion "1"]
[SourceVersionDate "2021.10.06"]
[SourceQuality "1"]

1. e4 c5 2. Nf3 e6 3. d4 cxd4 4. Nxd4 Nf6 5. Nc3 Nc6 6. Ndb5 Bc5 7. Nd6+ Ke7 8. Bf4 e5 9. Nf5+ Kf8 10. Bg5 Bb4 11. Bc4 h6 12. Bxf6 Qxf6 13. Ne3 Bxc3+ 14. bxc3 d6 15. 0-0 Bd7 16. Rb1 b6 17. Qd3 Rd8 18. Bd5 Ne7 19. Kh1 Be6 20. a4 h5 21. a5 bxa5 22. f3 g5 23. Rb7 Ng6 24. Rxa7 Nf4 25. Qd2 Qh6 26. Nf5 Qf6 27. c4 g4 28. Qxa5 Nxd5 29. cxd5 Bxf5 30. fxg4 hxg4 31. Rxf5 Rxh2+ 32. Kxh2 Qh4+ 33. Kg1 Rb8 34. Rfxf7+ 1-0

[Event "GER-chT Lands U20"]
[Site "Berlin"]
[Date "2020.10.04"]
[Round "7.3"]
[White "Basovskiy, Jana"]
[Black "Reitz, Theresa"]
[Result "1-0"]
[WhiteElo "1760"]
[BlackElo "1886"]
[PlyCount "86"]
[EventDate "2020.09.29"]
[EventType "team-swiss"]
[EventRounds "7"]
[EventCountry "GER"]
[SourceTitle "CBM 198 Extra"]
[Source "ChessBase"]
[SourceDate "2020.11.30"]
[SourceVersion "1"]
[SourceVersionDate "2020.11.30"]
[SourceQuality "1"]
[WhiteTeam "Baden U20"]
[BlackTeam "Rheinland Pfalz U20"]
[WhiteTeamCountry "GER"]
[BlackTeamCountry "GER"]

1. e4 d5 2. exd5 Qxd5 3. Nc3 Qd6 4. d4 Nf6 5. Nf3 a6 6. g3 Bg4 7. h3 Bh5 8. Bg2 Nc6 9. 0-0 0-0-0 10. Bf4 Qb4 11. g4 Bg6 12. a3 Qxb2 13. Qe1 e6 14. Rb1 Qxa3 15. Ne5 Nd5 16. Nxd5 exd5 17. Nxc6 bxc6 18. Rb3 Qa4 19. Qb1 Kd7 20. Qb2 Bd6 21. Bxd6 Kxd6 22. Rc1 Qc4 23. Bf1 Qa4 24. Ra1 Qxa1 25. Qxa1 Rb8 26. Qa3+ Kd7 27. Re3 Rhe8 28. Rxe8 Rxe8 29. Qc3 Ra8 30. Qc5 Be4 31. Bg2 Bxg2 32. Kxg2 a5 33. c4 dxc4 34. Qxc4 Kd6 35. Qc5+ Kd7 36. d5 Ra6 37. Qc4 Rb6 38. dxc6+ Rxc6 39. Qxf7+ Kd6 40. Qxg7 Kc5 41. f4 a4 42. f5 a3 43. Qc3+ Kd5 1-0

[Event "GER-chT Lands U20"]
[Site "Berlin"]
[Date "2020.10.01"]
[Round "3.3"]
[White "Basovskiy, Jana"]
[Black "Hommer, Jeremy"]
[Result "0-1"]
[WhiteElo "1760"]
[BlackElo "2246"]
[PlyCount "92"]
[EventDate "2020.09.29"]
[EventType "team-swiss"]
[EventRounds "7"]
[EventCountry "GER"]
[SourceTitle "CBM 198 Extra"]
[Source "ChessBase"]
[SourceDate "2020.11.30"]
[SourceVersion "1"]
[SourceVersionDate "2020.11.30"]
[SourceQuality "1"]
[WhiteTeam "Baden U20"]
[BlackTeam "Niedersachsen U20"]
[WhiteTeamCountry "GER"]
[BlackTeamCountry "GER"]

1. e4 e6 2. d3 d5 3. Nd2 Nf6 4. c3 c5 5. g3 Nc6 6. Bg2 Be7 7. Ngf3 b6 8. 0-0 Bb7 9. Qe2 Qc7 10. Re1 0-0-0 11. exd5 exd5 12. d4 Rhe8 13. Qd3 Bd6 14. Rxe8 Rxe8 15. Nf1 cxd4 16. cxd4 Nb4 17. Qf5+ Kb8 18. Be3 Nc2 19. Rd1 Nxe3 20. Nxe3 Qe7 21. Qd3 g6 22. Rc1 Ne4 23. Qb3 Qe6 24. Nf1 f5 25. N1d2 Qf6 26. Qd3 h5 27. Re1 Re7 28. Nf1 g5 29. Rc1 f4 30. Qd1 g4 31. Ne1 fxg3 32. fxg3 Qf2+ 33. Kh1 Ba6 34. Nc2 Bxf1 35. Qxf1 Qd2 36. Bxe4 Rxe4 37. Qd1 Qa5 38. a3 Qb5 39. b4 Qe8 40. Qf1 Re2 41. Qf5 Qe4+ 42. Qxe4 dxe4 43. Kg1 h4 44. Ne1 hxg3 45. hxg3 Bxg3 46. Kf1 Rxe1+ 0-1

[Event "Pfalz op-B 11th"]
[Site "Neustadt an der Weinstrasse"]
[Date "2020.02.24"]
[Round "7"]
[White "Basovskiy, Jana"]
[Black "Sarbu, Marc Constantin"]
[Result "1-0"]
[WhiteElo "1773"]
[BlackElo "1441"]
[PlyCount "97"]
[EventDate "2020.02.21"]
[EventType "swiss"]
[EventRounds "7"]
[EventCountry "GER"]
[SourceTitle "CBM 195 Extra"]
[Source "ChessBase"]
[SourceDate "2020.05.31"]
[SourceVersion "1"]
[SourceVersionDate "2020.05.31"]
[SourceQuality "1"]

1. e4 c5 2. Nf3 e6 3. d3 Qc7 4. g3 d6 5. Bg2 Nf6 6. Nbd2 Be7 7. 0-0 0-0 8. Re1 Nbd7 9. Nc4 b5 10. Ne3 Bb7 11. Nd2 Nb6 12. f4 h6 13. Nf3 Rad8 14. Bd2 Nh7 15. Ng4 f5 16. Nf2 Rfe8 17. d4 d5 18. exf5 exf5 19. Nd3 cxd4 20. Nxd4 Bc5 21. Nxc5 Qxc5 22. c3 Nf6 23. b4 Qc8 24. Nxb5 Rxe1+ 25. Bxe1 a6 26. Nd4 Ne4 27. Qb3 Qc4 28. Qxc4 Nxc4 29. Nxf5 Kf7 30. Rd1 Nb2 31. Rd4 Nf6 32. c4 Nxc4 33. Rxc4 dxc4 34. Bxb7 Rd1 35. Kf2 Ng4+ 36. Ke2 Rd7 37. Bxa6 Kf6 38. Ne3 Re7 39. Bd2 Nxe3 40. Bxe3 c3 41. Bd3 Re8 42. Bc2 g6 43. Kd3 Kf5 44. Kxc3+ Kg4 45. Bc5 Kh3 46. Bxg6 Ra8 47. f5 Ra3+ 48. Kc4 Rf3 49. Be7 1-0

[Event "Pfalz op-B 11th"]
[Site "Neustadt an der Weinstrasse"]
[Date "2020.02.22"]
[Round "2"]
[White "Back, Lennart"]
[Black "Basovskiy, Jana"]
[Result "1/2-1/2"]
[WhiteElo "1637"]
[BlackElo "1773"]
[PlyCount "58"]
[EventDate "2020.02.21"]
[EventType "swiss"]
[EventRounds "7"]
[EventCountry "GER"]
[SourceTitle "CBM 195 Extra"]
[Source "ChessBase"]
[SourceDate "2020.05.31"]
[SourceVersion "1"]
[SourceVersionDate "2020.05.31"]
[SourceQuality "1"]

1. d4 Nf6 2. c4 e6 3. Nc3 Bb4 4. Qc2 d5 5. a3 Bxc3+ 6. Qxc3 0-0 7. e3 Nbd7 8. Nf3 b6 9. b4 Ne4 10. Qc2 Bb7 11. Bd3 Ndf6 12. c5 a5 13. Bb2 axb4 14. axb4 Rxa1+ 15. Bxa1 Qa8 16. 0-0 Qa3 17. Bxe4 Nxe4 18. Rb1 Ra8 19. g3 Ba6 20. b5 Bxb5 21. Rxb5 Qxa1+ 22. Rb1 Qa2 23. Rb2 Qa6 24. cxb6 cxb6 25. Kg2 b5 26. Qb3 g6 27. Ne5 Rb8 28. Nd7 Rc8 29. Ne5 Rb8 1/2-1/2

[Event "Baden-ch U20"]
[Site "Karlsruhe"]
[Date "2020.01.03"]
[Round "3"]
[White "Visvikis, Kassandra"]
[Black "Basovskiy, Jana"]
[Result "0-1"]
[WhiteElo "1568"]
[BlackElo "1791"]
[PlyCount "44"]
[EventDate "2020.01.02"]
[EventType "swiss"]
[EventRounds "7"]
[EventCountry "GER"]
[SourceTitle "CBM 194 Extra"]
[Source "ChessBase"]
[SourceDate "2020.03.31"]
[SourceVersion "1"]
[SourceVersionDate "2020.03.31"]
[SourceQuality "1"]

1. e4 c5 2. Nf3 e6 3. d4 cxd4 4. Nxd4 Nc6 5. Nc3 Qc7 6. Be3 a6 7. a3 b5 8. Bd3 Bb7 9. f3 Nf6 10. 0-0 Bc5 11. Nf5 Qb6 12. Nxg7+ Kf8 13. Nxe6+ dxe6 14. Bxc5+ Qxc5+ 15. Kh1 Rd8 16. Qc1 Ke7 17. f4 Rhg8 18. e5 Nxe5 19. Rg1 Nxd3 20. cxd3 Qf2 21. Qf1 Ng4 22. Nd1 Qh4 0-1

[Event "BL 1920 (Women)"]
[Site "Germany"]
[Date "2019.12.15"]
[Round "4.5"]
[White "Miturova, Magdalena"]
[Black "Basovskiy, Jana"]
[Result "1-0"]
[WhiteElo "2219"]
[BlackElo "1782"]
[PlyCount "75"]
[EventDate "2019.09.14"]
[EventType "team-tourn"]
[EventRounds "11"]
[EventCountry "GER"]
[SourceTitle "CBM 194 Extra"]
[Source "ChessBase"]
[SourceDate "2020.03.31"]
[SourceVersion "1"]
[SourceVersionDate "2020.03.31"]
[SourceQuality "1"]
[WhiteTeam "Rodewisch (W)"]
[BlackTeam "Karlsruhe (W)"]
[WhiteTeamCountry "GER"]
[BlackTeamCountry "GER"]

1. Nf3 Nf6 2. g3 e6 3. Bg2 Be7 4. c4 c5 5. Nc3 Nc6 6. 0-0 0-0 7. d4 cxd4 8. Nxd4 Bc5 9. Ndb5 a6 10. Nd6 Qc7 11. Nce4 Nxe4 12. Nxe4 Be7 13. Bf4 e5 14. Be3 d6 15. Nc3 Be6 16. Nd5 Bxd5 17. cxd5 Nb8 18. Rc1 Qd8 19. Qb3 b5 20. a4 bxa4 21. Qxa4 Nd7 22. Rc6 a5 23. g4 Rb8 24. Qc2 Rc8 25. Qc3 f6 26. Rxc8 Qxc8 27. Qxa5 Nc5 28. h3 f5 29. Qa7 Rf7 30. Bxc5 dxc5 31. d6 Bxd6 32. Bd5 Qe8 33. Rd1 Be7 34. gxf5 Kf8 35. Bxf7 Qxf7 36. Qa8+ Qe8 37. Qxe8+ Kxe8 38. Rd5 1-0